| 000 | 01105naa a22002897a 4500 | ||
|---|---|---|---|
| 001 | BR8501846 | ||
| 003 | BR-BrBNA | ||
| 005 | 20240918175559.0 | ||
| 007 | ta | ||
| 008 | 230509b bl.||||| |||| 00| 0 por d | ||
| 040 |
_aBR-BrBNA _bpor _cBiblioteca Nacional de Agricultura |
||
| 041 | _a(Pt) | ||
| 072 |
_aE70 _b1850 _bG514 |
||
| 090 | _aE70 BR8501846 | ||
| 100 | 1 | _aCorreia Filho, F. | |
| 100 | 1 | _aReis, A.J. dos | |
| 111 | 1 |
_a1. Congresso Brasileiro de Marketing Rural _cLavras, MG (Brazil) _d25 Nov 1984 |
|
| 245 | 1 |
_aEstrutura e margens de comercializacao de tomate no Estado do Maranhao [Brasil] _bParte de tese |
|
| 260 | 3 |
_aLavras, MG (Brasil): _c1984. |
|
| 500 | _a1. Congresso Brasileiro de Marketing Rural. Extrato dos trabalhos para debates Lavras, MG (Brasil): 1984. p. 25-33 (BR8501846-AM)E70 | ||
| 650 | _aTOMATE | ||
| 650 | _aCOMERCIALIZACAO | ||
| 650 | _aMARANHAO | ||
| 773 | 0 |
_t1. Congresso Brasileiro de Marketing Rural. Extrato dos trabalhos para debates _wE70 BR8501846 _gLavras, MG (Brasil), 1984. p. 25-33 |
|
| 909 |
_a202404 _bLucia _c55 _dLucia Elande |
||
| 942 |
_cAM _2AGRIS |
||
| 999 |
_c317312 _d317312 |
||